Countries Ending in S - Statistics

General Stats
  • This quiz has been taken 1,961 times
    1,860 since last reset
  • The average score is 15 of 18
Answer Stats
Answer % Correct
Bahamas
89%
Marshall Islands
89%
Solomon Islands
89%
Saint Kitts and Nevis
88%
Barbados
86%
Laos
84%
Seychelles
84%
Comoros
83%
Honduras
83%
Netherlands
81%
Saint Vincent and the Grenadines
81%
Philippines
80%
Belarus
79%
Maldives
78%
Mauritius
76%
Cyprus
71%
United Arab Emirates
66%
United States
65%
No matching quizzes found
Score Distribution
Percent of People with Each Score
Percentile by Number Answered
Your Score History
You have not taken this quiz since the last reset